[Event "DEM U12w 2019"]
[Site "Willingen GER"]
[Date "2019.06.09"]
[Round "1"]
[White "Zhou, Lepu Coco"]
[Black "Sohr, Luna"]
[Result "1-0"]
[Termination "normal"]
[Board "1"]
[WhiteElo "1724"]
[BlackElo "1357"]
[WhiteClock "00:41:14"]
[BlackClock "00:00:41"]
[PlyCount "81"]
[WhiteFideId "16217136"]
[BlackFideId "16251261"]
[EventCountry "GER"]
[EventRounds "9"]
[EventType "swiss"]
[EventDate "2019.06.08"]

1. e4 {[%clk 1:30:55]} 1... e5 {[%clk 1:30:56]} 2. Nf3 {[%clk 1:31:17]} 2...
Nc6 {[%clk 1:31:13]} 3. Bb5 {[%clk 1:31:41]} 3... Nf6 {[%clk 1:31:15]} 4. O-O {
[%clk 1:32:04]} 4... Nxe4 {[%clk 1:29:55]} 5. d4 {[%clk 1:32:25]} 5... Be7 {
[%clk 1:18:22]} 6. d5 {[%clk 1:29:38]} 6... Nd4 {[%clk 1:11:08]} 7. Nxd4 {
[%clk 1:29:13]} 7... exd4 {[%clk 1:09:43]} 8. Qxd4 {[%clk 1:29:23]} 8... Nf6 {
[%clk 1:05:42]} 9. Bf4 {[%clk 1:26:13]} 9... a6 {[%clk 1:00:21]} 10. d6 { [%clk
1:17:23]} 10... cxd6 {[%clk 0:55:36]} 11. Bc4 {[%clk 1:17:24]} 11... O-O {[%clk
0:52:01]} 12. Nc3 {[%clk 1:12:56]} 12... b5 {[%clk 0:47:18]} 13. Bd5 { [%clk
1:10:27]} 13... Nxd5 {[%clk 0:41:04]} 14. Nxd5 {[%clk 1:09:39]} 14... Bf6
{[%clk 0:38:27]} 15. Qb4 {[%clk 1:09:29]} 15... Be5 {[%clk 0:33:44]} 16. Bxe5 {
[%clk 1:07:29]} 16... dxe5 {[%clk 0:32:16]} 17. Qd6 {[%clk 1:06:26]} 17... Bb7
{[%clk 0:28:15]} 18. Qxe5 {[%clk 1:04:23]} 18... Bxd5 {[%clk 0:27:10]} 19. Qxd5
{[%clk 1:04:44]} 19... Rc8 {[%clk 0:25:23]} 20. c3 {[%clk 1:04:52]} 20... d6 {
[%clk 0:22:16]} 21. Rad1 {[%clk 1:05:11]} 21... Re8 {[%clk 0:20:11]} 22. Rfe1 {
[%clk 1:04:25]} 22... Rxe1+ {[%clk 0:18:26]} 23. Rxe1 {[%clk 1:04:37]} 23...
Rc5 {[%clk 0:17:00]} 24. Qd4 {[%clk 1:02:14]} 24... h6 {[%clk 0:15:27]} 25. h3
{[%clk 1:02:34]} 25... Rc4 {[%clk 0:14:08]} 26. Qa7 {[%clk 1:01:29]} 26... Rc6
{[%clk 0:11:38]} 27. Re7 {[%clk 0:58:36]} 27... d5 {[%clk 0:08:25]} 28. Rxf7 {
[%clk 0:55:01]} 28... Rg6 {[%clk 0:07:09]} 29. Re7 {[%clk 0:51:16]} 29... Qc8 {
[%clk 0:06:08]} 30. Qd7 {[%clk 0:49:19]} 30... Qc5 {[%clk 0:04:30]} 31. Re8+ {
[%clk 0:48:26]} 31... Kh7 {[%clk 0:04:03]} 32. Qd8 {[%clk 0:47:40]} 32... Rf6 {
[%clk 0:03:26]} 33. Rh8+ {[%clk 0:46:50]} 33... Kg6 {[%clk 0:03:43]} 34. Qe8+ {
[%clk 0:47:10]} 34... Kg5 {[%clk 0:03:25]} 35. Qe5+ {[%clk 0:46:36]} 35... Kg6
{[%clk 0:03:13]} 36. Qg3+ {[%clk 0:45:51]} 36... Kf7 {[%clk 0:03:04]} 37. Rd8 {
[%clk 0:43:11]} 37... b4 {[%clk 0:02:02]} 38. Rd7+ {[%clk 0:42:50]} 38... Ke8 {
[%clk 0:01:17]} 39. Rxg7 {[%clk 0:42:41]} 39... Rb6 {[%clk 0:00:37]} 40. Qe5+ {
[%clk 0:42:27]} 40... Kd8 {[%clk 0:00:41]} 41. Rh7 {[%clk 0:41:14]} 1-0

[Event "DEM U12w 2019"]
[Site "Willingen GER"]
[Date "2019.06.09"]
[Round "1"]
[White "Pohle, Saskia"]
[Black "von Beckh, Frieda"]
[Result "1-0"]
[Termination "normal"]
[Board "3"]
[WhiteElo "1819"]
[BlackElo "1465"]
[WhiteClock "00:47:29"]
[BlackClock "01:26:01"]
[PlyCount "81"]
[WhiteFideId "16201604"]
[BlackFideId "16233751"]
[EventCountry "GER"]
[EventRounds "9"]
[EventType "swiss"]
[EventDate "2019.06.08"]

1. e4 {[%clk 1:30:59]} 1... c5 {[%clk 1:30:54]} 2. Nf3 {[%clk 1:31:25]} 2...
Nc6 {[%clk 1:31:17]} 3. d4 {[%clk 1:31:50]} 3... cxd4 {[%clk 1:31:42]} 4. Nxd4
{[%clk 1:32:14]} 4... g6 {[%clk 1:32:07]} 5. Nc3 {[%clk 1:32:40]} 5... Bg7 {
[%clk 1:32:29]} 6. Be3 {[%clk 1:33:03]} 6... Nf6 {[%clk 1:32:54]} 7. Bc4 {
[%clk 1:33:27]} 7... O-O {[%clk 1:33:15]} 8. Bb3 {[%clk 1:33:49]} 8... d6 {
[%clk 1:33:22]} 9. f3 {[%clk 1:34:13]} 9... Bd7 {[%clk 1:33:34]} 10. Qd2 {
[%clk 1:34:21]} 10... Nxd4 {[%clk 1:33:56]} 11. Bxd4 {[%clk 1:34:18]} 11... Bc6
{[%clk 1:34:06]} 12. O-O-O {[%clk 1:33:29]} 12... Nd7 {[%clk 1:33:49]} 13. Bxg7
{[%clk 1:31:54]} 13... Kxg7 {[%clk 1:34:11]} 14. g4 {[%clk 1:31:50]} 14... Ne5
{[%clk 1:33:46]} 15. Qe2 {[%clk 1:29:50]} 15... f5 {[%clk 1:31:23]} 16. gxf5 {
[%clk 1:26:21]} 16... gxf5 {[%clk 1:31:40]} 17. Rhg1+ {[%clk 1:25:50]} 17...
Kh8 {[%clk 1:31:47]} 18. Qg2 {[%clk 1:23:55]} 18... Ng6 {[%clk 1:31:25]} 19.
Qh3 {[%clk 1:22:23]} 19... Rf6 {[%clk 1:30:58]} 20. exf5 {[%clk 1:18:44]} 20...
Ne5 {[%clk 1:31:01]} 21. f4 {[%clk 1:11:18]} 21... Nf3 {[%clk 1:30:23]} 22. Rg3
{[%clk 1:10:31]} 22... Qf8 {[%clk 1:30:23]} 23. Rg8+ {[%clk 1:04:58]} 23...
Qxg8 {[%clk 1:30:35]} 24. Bxg8 {[%clk 1:05:18]} 24... Rxg8 {[%clk 1:31:01]} 25.
b4 {[%clk 1:00:26]} 25... a6 {[%clk 1:29:59]} 26. a4 {[%clk 0:59:53]} 26... b6
{[%clk 1:29:47]} 27. Nd5 {[%clk 0:58:07]} 27... Bxd5 {[%clk 1:29:11]} 28. Rxd5
{[%clk 0:58:12]} 28... Ng1 {[%clk 1:29:27]} 29. Qe3 {[%clk 0:55:21]} 29... Rg7
{[%clk 1:27:52]} 30. Rd1 {[%clk 0:54:29]} 30... Ne2+ {[%clk 1:26:59]} 31. Qxe2
{[%clk 0:54:25]} 31... Rxf5 {[%clk 1:27:19]} 32. Qc4 {[%clk 0:52:59]} 32...
Rgf7 {[%clk 1:27:20]} 33. Qc3+ {[%clk 0:52:32]} 33... R7f6 {[%clk 1:27:21]} 34.
Qc8+ {[%clk 0:49:31]} 34... Rf8 {[%clk 1:27:00]} 35. Qxa6 {[%clk 0:48:54]}
35... Rxf4 {[%clk 1:27:17]} 36. Qxb6 {[%clk 0:48:36]} 36... Rf2 {[%clk 1:27:08]
} 37. Qe3 {[%clk 0:48:05]} 37... R8f7 {[%clk 1:27:17]} 38. a5 {[%clk 0:46:56]}
38... R2f3 {[%clk 1:26:05]} 39. Qd4+ {[%clk 0:47:05]} 39... Kg8 {[%clk 1:25:39]
} 40. Rg1+ {[%clk 0:47:29]} 40... Kf8 {[%clk 1:26:01]} 41. Qh8# 1-0

[Event "DEM U12w 2019"]
[Site "Willingen GER"]
[Date "2019.06.09"]
[Round "1"]
[White "Stepanjan, Marianne"]
[Black "Sereda, Yaroslava"]
[Result "0-1"]
[Termination "normal"]
[Board "4"]
[WhiteElo "1312"]
[BlackElo "1626"]
[WhiteClock "00:20:19"]
[BlackClock "00:39:08"]
[PlyCount "154"]
[WhiteFideId "16246110"]
[BlackFideId "14178940"]
[EventCountry "GER"]
[EventRounds "9"]
[EventType "swiss"]
[EventDate "2019.06.08"]

1. e4 {[%clk 1:30:58]} 1... c6 {[%clk 1:30:25]} 2. d4 {[%clk 1:31:12]} 2... d5
{[%clk 1:30:38]} 3. exd5 {[%clk 1:31:25]} 3... cxd5 {[%clk 1:30:58]} 4. c4 {
[%clk 1:31:37]} 4... Nf6 {[%clk 1:31:04]} 5. Nc3 {[%clk 1:30:31]} 5... Nc6 {
[%clk 1:30:52]} 6. Nf3 {[%clk 1:28:06]} 6... Bg4 {[%clk 1:30:48]} 7. Be3 {
[%clk 1:16:53]} 7... dxc4 {[%clk 1:06:58]} 8. d5 {[%clk 1:06:46]} 8... Bxf3 {
[%clk 1:03:20]} 9. gxf3 {[%clk 1:05:12]} 9... Ne5 {[%clk 0:59:06]} 10. Bxc4 {
[%clk 0:59:39]} 10... Nxc4 {[%clk 0:56:28]} 11. Qa4+ {[%clk 0:59:58]} 11... Qd7
{[%clk 0:55:43]} 12. Qxc4 {[%clk 1:00:17]} 12... Rc8 {[%clk 0:54:58]} 13. Qb3 {
[%clk 0:53:07]} 13... a6 {[%clk 0:47:01]} 14. Rd1 {[%clk 0:46:45]} 14... b5 {
[%clk 0:38:22]} 15. a4 {[%clk 0:40:19]} 15... bxa4 {[%clk 0:22:36]} 16. Nxa4 {
[%clk 0:38:09]} 16... Qb5 {[%clk 0:21:37]} 17. Qxb5+ {[%clk 0:37:12]} 17...
axb5 {[%clk 0:22:06]} 18. Nb6 {[%clk 0:32:16]} 18... Rb8 {[%clk 0:17:21]} 19.
Rc1 {[%clk 0:28:08]} 19... Rd8 {[%clk 0:11:32]} 20. Rd1 {[%clk 0:23:54]} 20...
Nd7 {[%clk 0:07:46]} 21. O-O {[%clk 0:18:02]} 21... Nxb6 {[%clk 0:06:24]} 22.
Bxb6 {[%clk 0:18:25]} 22... Rb8 {[%clk 0:06:11]} 23. Bd4 {[%clk 0:16:12]} 23...
Rd8 {[%clk 0:05:11]} 24. Bc3 {[%clk 0:15:51]} 24... Rg8 {[%clk 0:04:48]} 25.
Rfe1 {[%clk 0:14:57]} 25... g6 {[%clk 0:04:40]} 26. d6 {[%clk 0:13:25]} 26...
e6 {[%clk 0:04:18]} 27. Bb4 {[%clk 0:12:35]} 27... Bg7 {[%clk 0:03:46]} 28. b3
{[%clk 0:11:25]} 28... Kd7 {[%clk 0:03:44]} 29. Rc1 {[%clk 0:07:21]} 29... Rc8
{[%clk 0:04:02]} 30. Bc5 {[%clk 0:06:32]} 30... Rc6 {[%clk 0:03:41]} 31. Bb4 {
[%clk 0:05:55]} 31... Rgc8 {[%clk 0:03:27]} 32. Rxc6 {[%clk 0:04:14]} 32...
Rxc6 {[%clk 0:03:35]} 33. Rd1 {[%clk 0:03:17]} 33... Be5 {[%clk 0:03:40]} 34.
Kg2 {[%clk 0:03:38]} 34... Bxd6 {[%clk 0:03:12]} 35. Kh3 {[%clk 0:02:43]} 35...
Ke7 {[%clk 0:03:03]} 36. Bxd6+ {[%clk 0:02:53]} 36... Rxd6 {[%clk 0:03:26]} 37.
Ra1 {[%clk 0:02:56]} 37... Rd3 {[%clk 0:03:27]} 38. Ra7+ {[%clk 0:02:56]} 38...
Kf6 {[%clk 0:03:47]} 39. b4 {[%clk 0:02:31]} 39... Rxf3+ {[%clk 0:04:09]} 40.
Kg4 {[%clk 0:01:17]} 40... Rb3 {[%clk 0:04:31]} 41. Kf4 {[%clk 0:00:51]} 41...
Rxb4+ {[%clk 0:04:50]} 42. Ke3 {[%clk 0:00:45]} 42... Rb1 {[%clk 0:04:49]} 43.
Kd2 {[%clk 0:00:37]} 43... b4 {[%clk 0:05:03]} 44. Rb7 {[%clk 0:00:42]} 44...
b3 {[%clk 0:05:23]} 45. Kc3 {[%clk 0:00:58]} 45... Rc1+ {[%clk 0:05:11]} 46.
Kb2 {[%clk 0:30:17]} 46... Rc2+ {[%clk 0:35:31]} 47. Kxb3 47... Rxf2 { [%clk
0:35:56]} 48. h4 {[%clk 0:30:59]} 48... Rf4 {[%clk 0:36:12]} 49. h5 { [%clk
0:29:34]} 49... Rf1 {[%clk 0:36:16]} 50. Kc2 {[%clk 0:29:16]} 50... g5 { [%clk
0:36:00]} 51. Rb3 {[%clk 0:28:58]} 51... Rh1 {[%clk 0:36:12]} 52. Rf3+ { [%clk
0:27:59]} 52... Kg7 53. h6+ {[%clk 0:26:55]} 53... Rxh6 {[%clk 0:36:32]} 54.
Rg3 {[%clk 0:26:38]} 54... Kg6 {[%clk 0:36:55]} 55. Kd3 {[%clk 0:26:43]} 55...
f5 {[%clk 0:37:15]} 56. Kd4 {[%clk 0:26:14]} 56... Kf6 {[%clk 0:37:33]} 57. Kc5
{[%clk 0:26:22]} 57... e5 {[%clk 0:37:52]} 58. Rd3 {[%clk 0:26:12]} 58... Ke7
{[%clk 0:37:03]} 59. Ra3 {[%clk 0:25:56]} 59... Rd6 {[%clk 0:37:07]} 60. Ra7+
{[%clk 0:26:07]} 60... Rd7 {[%clk 0:37:21]} 61. Ra8 {[%clk 0:26:11]} 61... Kf7
{[%clk 0:37:08]} 62. Rh8 {[%clk 0:25:28]} 62... Kg7 {[%clk 0:37:20]} 63. Rc8
{[%clk 0:24:39]} 63... g4 {[%clk 0:37:32]} 64. Kc6 {[%clk 0:24:55]} 64... Rf7
{[%clk 0:37:25]} 65. Kd6 {[%clk 0:25:05]} 65... e4 {[%clk 0:37:40]} 66. Ke6
{[%clk 0:24:12]} 66... f4 {[%clk 0:37:56]} 67. Rc5 {[%clk 0:24:08]} 67... h6
68. Ke5 {[%clk 0:23:12]} 68... f3 {[%clk 0:37:48]} 69. Kxe4 { [%clk 0:21:45]}
69... f2 {[%clk 0:38:10]} 70. Rc3 {[%clk 0:19:59]} 70... f1=Q { [%clk 0:38:28]}
71. Rc2 {[%clk 0:19:50]} 71... Qf5+ {[%clk 0:38:32]} 72. Kd4 { [%clk 0:20:02]}
72... Qxc2 {[%clk 0:38:54]} 73. Ke3 {[%clk 0:20:19]} 73... Qc4 {[%clk 0:39:08]}
74. Kd2 Rf2+ 75. Ke3 Rf3+ 76. Kd2 Qa2+ 77. Ke1 Rh3 0-1

[Event "DEM U12w 2019"]
[Site "Willingen GER"]
[Date "2019.06.09"]
[Round "1"]
[White "Bräutigam, Katerina"]
[Black "Lieberwirth, Nele"]
[Result "1-0"]
[Termination "normal"]
[Board "5"]
[WhiteElo "1697"]
[BlackElo "1385"]
[WhiteClock "00:20:45"]
[BlackClock "00:19:27"]
[PlyCount "61"]
[WhiteFideId "16242980"]
[BlackFideId "16259483"]
[EventCountry "GER"]
[EventRounds "9"]
[EventType "swiss"]
[EventDate "2019.06.08"]

1. e4 {[%clk 1:30:58]} 1... e5 {[%clk 1:30:46]} 2. Nf3 {[%clk 1:31:23]} 2... d5
{[%clk 1:30:35]} 3. exd5 {[%clk 1:25:47]} 3... e4 {[%clk 1:30:38]} 4. Qe2 {
[%clk 1:25:28]} 4... Nf6 {[%clk 1:28:09]} 5. Nc3 {[%clk 1:23:32]} 5... Bf5 {
[%clk 1:25:51]} 6. d3 {[%clk 1:18:08]} 6... Bb4 {[%clk 1:22:06]} 7. dxe4 {
[%clk 1:15:06]} 7... Bxc3+ {[%clk 1:21:32]} 8. bxc3 {[%clk 1:15:27]} 8... Bxe4
{[%clk 1:20:33]} 9. c4 {[%clk 1:05:52]} 9... O-O {[%clk 1:18:39]} 10. h3 {
[%clk 1:03:56]} 10... Re8 {[%clk 1:16:50]} 11. Be3 {[%clk 1:03:51]} 11... Qd6 {
[%clk 1:10:47]} 12. Qd1 {[%clk 1:03:04]} 12... Qb4+ {[%clk 1:08:04]} 13. Nd2 {
[%clk 0:54:51]} 13... Nbd7 {[%clk 1:05:25]} 14. Rb1 {[%clk 0:50:17]} 14... Qc3
{[%clk 0:59:18]} 15. Rb3 {[%clk 0:49:28]} 15... Qxc2 {[%clk 0:56:08]} 16. Qxc2
{[%clk 0:49:41]} 16... Bxc2 {[%clk 0:56:31]} 17. Rxb7 {[%clk 0:49:59]} 17... a5
{[%clk 0:48:58]} 18. Rxc7 {[%clk 0:49:38]} 18... Rab8 {[%clk 0:48:27]} 19. Be2
{[%clk 0:43:14]} 19... Rb2 {[%clk 0:41:44]} 20. O-O {[%clk 0:40:08]} 20... Rxa2
{[%clk 0:41:18]} 21. Ra7 {[%clk 0:39:39]} 21... a4 {[%clk 0:38:50]} 22. Rc1 {
[%clk 0:32:19]} 22... Rb8 {[%clk 0:34:38]} 23. c5 {[%clk 0:29:35]} 23... Ne5 {
[%clk 0:28:20]} 24. d6 {[%clk 0:27:52]} 24... Nc6 {[%clk 0:26:24]} 25. Rc7 {
[%clk 0:27:17]} 25... Nd8 {[%clk 0:23:51]} 26. d7 {[%clk 0:23:54]} 26... Nd5 {
[%clk 0:22:38]} 27. Rc8 {[%clk 0:23:38]} 27... Rab2 {[%clk 0:21:39]} 28. Rxc2 {
[%clk 0:23:03]} 28... R2b7 {[%clk 0:21:27]} 29. c6 {[%clk 0:23:18]} 29... Rb4 {
[%clk 0:21:13]} 30. Ba7 {[%clk 0:22:35]} 30... Ne7 {[%clk 0:19:27]} 31. c7 {
[%clk 0:20:45]} 1-0

[Event "DEM U12w 2019"]
[Site "Willingen GER"]
[Date "2019.06.09"]
[Round "1"]
[White "Roncea, Andreea-Alexandra"]
[Black "I., Natascha"]
[Result "1-0"]
[Termination "time forfeit"]
[Board "7"]
[WhiteElo "1558"]
[BlackElo "1210"]
[WhiteClock "00:06:16"]
[BlackClock "00:00:50"]
[PlyCount "53"]
[WhiteFideId "16233115"]
[BlackFideId "16257545"]
[EventCountry "GER"]
[EventRounds "9"]
[EventType "swiss"]
[EventDate "2019.06.08"]

1. e4 {[%clk 1:30:59]} 1... e5 {[%clk 1:30:56]} 2. Nf3 {[%clk 1:31:23]} 2...
Nc6 {[%clk 1:31:13]} 3. Bc4 {[%clk 1:31:46]} 3... Nf6 {[%clk 1:31:36]} 4. d3 {
[%clk 1:32:09]} 4... Bc5 {[%clk 1:31:59]} 5. Bb3 {[%clk 1:32:25]} 5... d6 {
[%clk 1:30:00]} 6. c3 {[%clk 1:28:23]} 6... Bb6 {[%clk 1:30:14]} 7. O-O { [%clk
1:28:19]} 7... Ne7 {[%clk 1:24:20]} 8. Nbd2 {[%clk 1:27:34]} 8... c6 { [%clk
1:20:53]} 9. Nc4 {[%clk 1:20:15]} 9... Bc7 {[%clk 1:21:13]} 10. a4 { [%clk
1:19:17]} 10... a5 {[%clk 1:19:19]} 11. Re1 {[%clk 1:18:11]} 11... O-O { [%clk
1:19:11]} 12. Ne3 {[%clk 1:08:58]} 12... Re8 {[%clk 1:15:23]} 13. Nf1 { [%clk
1:04:03]} 13... Ng6 {[%clk 1:13:03]} 14. Ng3 {[%clk 1:01:28]} 14... b6 { [%clk
0:42:10]} 15. d4 {[%clk 0:57:42]} 15... Bb7 {[%clk 0:34:27]} 16. Qc2 { [%clk
0:45:30]} 16... d5 {[%clk 0:28:01]} 17. exd5 {[%clk 0:39:33]} 17... Nxd5 {[%clk
0:27:09]} 18. dxe5 {[%clk 0:32:39]} 18... Nxe5 {[%clk 0:22:02]} 19. Nd4 {[%clk
0:25:02]} 19... c5 {[%clk 0:15:02]} 20. Nb5 {[%clk 0:22:22]} 20... Nf3+ {[%clk
0:13:56]} 21. gxf3 {[%clk 0:18:46]} 21... Rxe1+ {[%clk 0:14:11]} 22. Nf1 {[%clk
0:10:32]} 22... Qe7 {[%clk 0:01:40]} 23. Bxd5 {[%clk 0:09:15]} 23... Bxd5
{[%clk 0:00:39]} 24. Nxc7 {[%clk 0:08:25]} 24... Qxc7 {[%clk 0:00:52]} 25. Qd2
{[%clk 0:06:34]} 25... Re5 {[%clk 0:00:42]} 26. f4 {[%clk 0:06:16]} 26... Rh5
{[%clk 0:00:50]} 27. Ng3 {Zeitueberschreitung} 1-0

[Event "DEM U12w 2019"]
[Site "Willingen GER"]
[Date "2019.06.09"]
[Round "1"]
[White "Vianden, Ella"]
[Black "Fischer, Darja"]
[Result "1-0"]
[Termination "normal"]
[Board "8"]
[WhiteElo "1328"]
[BlackElo "1480"]
[WhiteClock "00:01:29"]
[BlackClock "00:02:35"]
[PlyCount "69"]
[WhiteFideId "16235592"]
[BlackFideId "16240898"]
[EventCountry "GER"]
[EventRounds "9"]
[EventType "swiss"]
[EventDate "2019.06.08"]

1. e4 {[%clk 1:30:57]} 1... c6 {[%clk 1:30:56]} 2. Nf3 {[%clk 1:31:15]} 2... d5
{[%clk 1:30:47]} 3. Nc3 {[%clk 1:31:25]} 3... e6 {[%clk 1:22:31]} 4. Be2 {
[%clk 1:23:27]} 4... Bb4 {[%clk 1:18:51]} 5. d3 {[%clk 1:19:03]} 5... d4 {
[%clk 1:14:42]} 6. a3 {[%clk 1:16:58]} 6... Bxc3+ {[%clk 1:12:02]} 7. bxc3 {
[%clk 1:16:58]} 7... dxc3 {[%clk 1:12:18]} 8. O-O {[%clk 1:10:48]} 8... Ne7 {
[%clk 1:09:25]} 9. Qe1 {[%clk 1:07:16]} 9... Qa5 {[%clk 1:00:31]} 10. Bb2 {
[%clk 1:02:23]} 10... O-O {[%clk 0:54:19]} 11. Bxc3 {[%clk 0:55:45]} 11... Qd8
{[%clk 0:49:37]} 12. Qd2 {[%clk 0:52:27]} 12... b6 {[%clk 0:45:54]} 13. Rab1 {
[%clk 0:42:28]} 13... c5 {[%clk 0:38:28]} 14. h3 {[%clk 0:30:02]} 14... Nbc6 {
[%clk 0:34:28]} 15. Nh2 {[%clk 0:25:47]} 15... Bb7 {[%clk 0:27:51]} 16. Ng4 {
[%clk 0:22:36]} 16... Nd4 {[%clk 0:20:56]} 17. Rfe1 {[%clk 0:17:08]} 17... Ng6
{[%clk 0:13:15]} 18. a4 {[%clk 0:13:57]} 18... f5 {[%clk 0:08:19]} 19. Bxd4
19... Qxd4 {[%clk 0:07:26]} 20. Ne3 {[%clk 0:09:29]} 20... Qxa4 {[%clk 0:07:15]
} 21. exf5 {[%clk 0:09:00]} 21... exf5 {[%clk 0:07:29]} 22. Bf3 {[%clk 0:07:08]
} 22... Bxf3 {[%clk 0:07:23]} 23. gxf3 {[%clk 0:07:13]} 23... Qh4 { [%clk
0:07:28]} 24. Ng2 {[%clk 0:03:49]} 24... Qxh3 {[%clk 0:07:00]} 25. Qe3 { [%clk
0:03:17]} 25... Rae8 {[%clk 0:04:51]} 26. Qd2 {[%clk 0:01:25]} 26... Rxe1+
{[%clk 0:04:09]} 27. Rxe1 {[%clk 0:01:45]} 27... Nh4 {[%clk 0:02:25]} 28. Nxh4
{[%clk 0:02:01]} 28... Qxh4 {[%clk 0:02:51]} 29. c3 {[%clk 0:02:02]} 29... Qh3
{[%clk 0:02:47]} 30. Qa2+ {[%clk 0:01:59]} 30... Kh8 {[%clk 0:02:40]} 31. Qf7
{[%clk 0:01:37]} 31... h6 {[%clk 0:02:10]} 32. Qxf8+ 32... Kh7 { [%clk
0:02:35]} 33. Re7 {[%clk 0:01:29]} 33... Kg6 34. Qxg7+ Kh5 35. Re6 1-0

[Event "DEM U12w 2019"]
[Site "Willingen GER"]
[Date "2019.06.09"]
[Round "1"]
[White "Ding, Tina"]
[Black "Wilmink, Anna"]
[Result "0-1"]
[Termination "normal"]
[Board "10"]
[WhiteElo "1180"]
[BlackElo "1466"]
[PlyCount "100"]
[WhiteFideId "16286987"]
[BlackFideId "16273680"]
[EventCountry "GER"]
[EventRounds "9"]
[EventType "swiss"]
[EventDate "2019.06.08"]

1. d4 e6 2. Nf3 Nf6 3. g3 b6 4. Bg2 Bb7 5. O-O d6 6. Bf4 Nbd7 7. c4 g6 8. Nc3
Bg7 9. Qd2 O-O 10. Bh6 Re8 11. Bxg7 Kxg7 12. Rfe1 Qc8 13. e4 e5 14. d5 a5 15.
b3 Nc5 16. Rab1 Ba6 17. a3 Ra7 18. b4 axb4 19. axb4 Ncd7 20. Ra1 Ra8 21. b5 Bb7
22. Bh3 Qb8 23. Na4 Ra7 24. Nc3 Nc5 25. Qc2 Qa8 26. Rxa7 Qxa7 27. Nd2 Ra8 28.
Nb3 Qa3 29. Nxc5 Qxc5 30. Nd1 Qb4 31. Qe2 Ra1 32. Rf1 Qb3 33. Bg2 Rb1 34. Ne3
Rxf1+ 35. Qxf1 Nd7 36. Qe2 Nc5 37. Qg4 Qb1+ 38. Nf1 Qc2 39. Ne3 Qc1+ 40. Bf1
Qb1 41. f3 Qa1 42. Qg5 Qd4 43. Kg2 Qb2+ 44. Kg1 f6 45. Qg4 Qd4 46. Kf2 Qd2+ 47.
Be2 Nd3+ 48. Kf1 Qe1+ 49. Kg2 Qxe2+ 50. Kh3 Nf2+ 0-1

[Event "DEM U12w 2019"]
[Site "Willingen GER"]
[Date "2019.06.09"]
[Round "1"]
[White "Voigt, Anastasia"]
[Black "Alhassan, Jodi"]
[Result "0-1"]
[Termination "normal"]
[Board "11"]
[WhiteElo "1447"]
[BlackElo "1108"]
[PlyCount "60"]
[WhiteFideId "16235223"]
[BlackFideId "16250460"]
[EventCountry "GER"]
[EventRounds "9"]
[EventType "swiss"]
[EventDate "2019.06.08"]

1. e4 c5 2. Nf3 d6 3. d4 cxd4 4. Nxd4 Nf6 5. Nc3 a6 6. Qf3 e6 7. Be3 Be7 8.
O-O-O O-O 9. e5 Ne8 10. Nb3 Qc7 11. exd6 Bxd6 12. h4 Nc6 13. g4 b5 14. Qh3 Bb7
15. Bg2 Rc8 16. g5 Ne5 17. Bxb7 Qxb7 18. f4 Ng6 19. Rdf1 Qc7 20. Rf2 Nxf4 21.
Bxf4 Bxf4+ 22. Kb1 Be5 23. Ne4 Nd6 24. Nec5 a5 25. Nd3 Nc4 26. h5 a4 27. Nbc1
a3 28. b3 Nd2+ 29. Rxd2 Qc3 30. Re2 Qa1# 0-1

[Event "DEM U12w 2019"]
[Site "Willingen GER"]
[Date "2019.06.09"]
[Round "1"]
[White "Kosak, Karolina"]
[Black "Keymer, Cecilia"]
[Result "0-1"]
[Termination "normal"]
[Board "12"]
[WhiteElo "1139"]
[BlackElo "1511"]
[PlyCount "124"]
[WhiteFideId "14640503"]
[BlackFideId "16233468"]
[EventCountry "GER"]
[EventRounds "9"]
[EventType "swiss"]
[EventDate "2019.06.08"]

1. e4 e5 2. Nf3 Nc6 3. d4 exd4 4. Bc4 Nf6 5. e5 d5 6. Bb5 Nd7 7. O-O Be7 8.
Bxc6 bxc6 9. Nxd4 Nb8 10. c4 O-O 11. Nc3 Ba6 12. Qg4 Kh8 13. Nf5 Rg8 14. Nxe7
Qxe7 15. Re1 Bxc4 16. Bg5 Qe6 17. Qf4 Nd7 18. Re3 h6 19. Bf6 Nxf6 20. exf6 Qxf6
21. Qxf6 gxf6 22. Re7 d4 23. Ne4 f5 24. Nd2 Bd5 25. f3 Rac8 26. b3 Rge8 27.
Rae1 Be6 28. Rxe8+ Rxe8 29. Kf2 Rb8 30. Ke2 Rg8 31. g3 Rd8 32. Kd3 Kg7 33. f4
c5 34. Re5 Rd5 35. Rxd5 Bxd5 36. Nc4 Be4+ 37. Kd2 f6 38. Nb2 Bb1 39. a3 Ba2 40.
Kc2 Kf7 41. Nc4 d3+ 42. Kb2 Ke6 43. Kxa2 Kd5 44. Kb2 Kd4 45. Kc1 Kc3 46. Ne3
Kxb3 47. Nxf5 c4 48. Ne3 c3 49. Nf1 Kxa3 50. g4 Kb3 51. h4 a5 52. g5 a4 53. g6
a3 54. g7 a2 55. g8=Q+ Ka3 56. Qa8+ Kb3 57. Qd5+ Ka3 58. Qc5+ Kb3 59. Qa5 h5
60. f5 c6 61. Qa6 c5 62. Qa5 c4 0-1

[Event "DEM U12w 2019"]
[Site "Willingen GER"]
[Date "2019.06.09"]
[Round "1"]
[White "Petrosyan, Ani"]
[Black "Scheiding, Sophia"]
[Result "1-0"]
[Termination "normal"]
[Board "13"]
[WhiteElo "1378"]
[BlackElo "1133"]
[PlyCount "85"]
[WhiteFideId "16248015"]
[BlackFideId "16287010"]
[EventCountry "GER"]
[EventRounds "9"]
[EventType "swiss"]
[EventDate "2019.06.08"]

1. Nf3 d5 2. e3 Nf6 3. c4 Nc6 4. Nc3 Bf5 5. cxd5 Nxd5 6. Qb3 e6 7. Qxb7 Ncb4 8.
Bb5+ Ke7 9. Nd4 g6 10. a3 Nc2+ 11. Nxc2 Bxc2 12. Bc6 Rb8 13. Qxa7 Bg7 14. Qc5+
Qd6 15. Nxd5+ exd5 16. Qxd5 Bb3 17. Qxd6+ Kxd6 18. Bf3 Rhd8 19. d4 Re8 20. Kd2
c5 21. Kd3 cxd4 22. exd4 Rbc8 23. Bf4+ Kd7 24. Rhc1 Rxc1 25. Rxc1 Ba4 26. Rc7+
Kd8 27. b4 Bb5+ 28. Kc3 g5 29. Bg3 h6 30. Rxf7 Re1 31. Rxg7 Rc1+ 32. Kd2 Ra1
33. d5 Rxa3 34. Bc7+ Ke8 35. d6 Ra2+ 36. Kc3 Ra3+ 37. Kb2 Ra7 38. d7+ Bxd7 39.
Bh5+ Kf8 40. Rxd7 Kg8 41. Rd8+ Kg7 42. Be5+ Kh7 43. Rh8# 1-0

[Event "DEM U12w 2019"]
[Site "Willingen GER"]
[Date "2019.06.09"]
[Round "1"]
[White "Reddi, Bhuvana"]
[Black "Prinzen, Siri Marleen"]
[Result "1-0"]
[Termination "normal"]
[Board "14"]
[WhiteElo "1090"]
[BlackElo "1505"]
[PlyCount "57"]
[WhiteFideId "16287002"]
[BlackFideId "16265912"]
[EventCountry "GER"]
[EventRounds "9"]
[EventType "swiss"]
[EventDate "2019.06.08"]

1. e4 c6 2. Nc3 d5 3. d4 dxe4 4. Nxe4 Nd7 5. Nf3 Ngf6 6. Nc3 e6 7. Bg5 Be7 8.
Bc4 O-O 9. O-O Nb6 10. Bb3 h6 11. Bh4 Nfd5 12. Bg3 Nxc3 13. bxc3 c5 14. a4 c4
15. Ba2 Nxa4 16. Bxc4 Nxc3 17. Qd3 Nd5 18. c3 Bd6 19. Bb3 Bxg3 20. fxg3 Bd7 21.
Bc2 f5 22. g4 Nf4 23. Qe3 fxg4 24. Qe4 Rf5 25. Ne5 Nh5 26. Qxg4 Rg5 27. Qe4 Nf6
28. Rxf6 Qxf6 29. Qh7+ 1-0